000 00778nam a22002777a 4500
001 BR9002074
003 BR-BrBNA
005 20230928093436.0
007 ta
008 230509b bl.||||| |||| 00| 0 por d
040 _aBR-BrBNA
_bpor
_cBiblioteca Nacional de Agricultura
041 _a(Por)
072 _aF04
_b3850
_b/G514
090 _ 3850 BR9002074
100 1 _aMaia, E.M.M.
100 1 _aSilva, C.C.O. da
110 1 _aCentro de Pesquisa Agropecuaria do Tropico Semi-Arido, Petrolina, PE (Brasil)
245 1 _aBibliografia sobre: adubacao verde no Brasil
260 3 _aPetrolina, PE (Brasil):
_c1987.
300 _a4 p.
650 _aADUBACAO
650 _aADUBO VERDE
650 _aADUBO ORGANICO
909 _a202309
_bLucia
_c55
_dLucia Elande
942 _cBK
999 _c45014
_d45014